| 000 | 01071cab a2200205 4500 | ||
|---|---|---|---|
| 001 | ##L133501 | ||
| 008 | 060515n2006 000 0 eng u | ||
| 035 | _a(Sirsi) u133501 | ||
| 041 | 0 | _aeng | |
| 110 | 2 |
_aJones Lang LaSalle _93755 |
|
| 245 | 0 | 0 |
_aEG data _bJLL monthly prime yields |
| 260 | _c2006 | ||
| 490 | 0 |
_aEstates Gazette _v(0618) 6 May 2006, 52(1) |
|
| 520 | _aPresents April 2006 prime yield data for the retail, office and industrial sectors. The yields are generated by Jones Lang LaSalle (JLL) and are based on evidence derived from the latest deals by JLL and other agents. April yields have fallen to record lows. The all-property yield fell to 4.66%, the prime retail yield held firm at 4.42% and the all-office yield also decreased to 4.67%. Strong demand and a lack of product continued to drive industrial yields lower to 5.25%. Graphs and tables. | ||
| 590 | _aIKA230506 | ||
| 650 | 2 | 4 | _aJLL MONTHLY PRIME YIELDS |
| 651 | 4 |
_aUnited Kingdom _y |
|
| 690 | _aPROPERTY-COMMERCIAL PROPERTY-COMMERCIAL PROPERTY FINANCE AND INVESTMENT | ||
| 942 | _n0 | ||
| 999 |
_c77044 _d77044 |
||